| 000 | 004410000a22001690004500 | ||
|---|---|---|---|
| 003 | MACL | ||
| 005 | 20150705135237.0 | ||
| 008 | 150705b xxu||||| |||| 00| 0 eng d | ||
| 040 |
_aMACL _cMACL |
||
| 041 | _aEnglish | ||
| 100 |
_aSwami,Harshananda _9834 |
||
| 245 |
_aAn Introduction to Hindu Culture _bAncient & Medieval |
||
| 260 |
_bAdvaita Ashrama _c2007 _aKolkata |
||
| 350 | _a35 | ||
| 650 |
_aSocial Science _929 |
||
| 942 |
_cBK _k306 _2ddc |
||
| 999 |
_c1598 _d1598 |
||